MARC

LEADER 00000nam0a2200000 4500
001 286440
005 20231101235907.0
035 |a (RuTPU)RU\TPU\book\310751 
090 |a 286440 
100 |a 20150305d1968 m y0rusy50 ca 
101 0 |a rus 
102 |a RU 
105 |a a z 000zy 
200 1 |a Снежная робинзонада  |f А. А. Яблоков 
210 |a Москва  |c Мысль  |d 1968 
215 |a 126 с.  |c ил. 
225 1 |a Путешествия. Приключения. Фантастика 
606 1 |a Метеорологические наблюдения  |2 stltpush  |3 (RuTPU)RU\TPU\subj\43445  |9 62944 
610 1 |a путешествия 
610 1 |a метеостанции 
610 1 |a приключения 
610 1 |a горы 
610 1 |a высокогорье 
610 1 |a Тянь-Шань 
610 1 |a лавины 
610 1 |a тайны 
675 |a 551.501  |v 4 
700 1 |a Яблоков  |b А. А.  |g Александр Александрович 
801 1 |a RU  |b 63413507  |c 20150305 
801 2 |a RU  |b 63413507  |c 20210524  |g RCR 
942 |c BK